Sports Quiz

Random Sports or NFL Quiz

NFL in Harry Potter Quiz Stats

Quiz not verified by Sporcle

Challenge
Share
Tweet
Embed
Score 0/20 Timer 05:00
0 Plays Today
HP Character NFL Player % Correct
Vernon DursleyVernon Davis, Vernon Carey, Vernon Gholston
72.2%
Percy WeasleyPercy Harvin
59.3%
Vincent CrabbeVincent Jackson, Vincent Rey, Vincent Fuller
56.9%
Seamus Finnigan*Cortland Finnegan
55.2%
Katie BellMike Bell, Yeremiah Bell, Demetrius Bell, Kahlil Bell, Josh Bell, Joique Bell, Jacob Bell
49.6%
Cedric DiggoryCedric Benson, Cedric Griffin, Cedric Peerman
48.4%
Mundungus FletcherLondon Fletcher, Dane Fletcher, Bradley Fletcher
48.4%
Charlie WeasleyCharlie Batch, Charlie Frye, Charlie Whitehurst, Charlie Johnson, Charlie Anderson, Charlie Peprah
48%
Dexter FortescueDexter McCluster, Dexter Davis
42.7%
Peter PettigrewBrandon Pettigrew
40.7%
HP Character NFL Player % Correct
Frank BryceFrank Gore, Frank Zombo, Frank Walker, Frank Okam, Frank Omiyale
38.7%
AveryDonnie Avery
33.1%
Fabian PrewettFabian Washington
32.7%
Harry PotterHarry Douglas, Zach Potter
29.4%
Igor KarkaroffIgor Olshansky
26.6%
Ernie MacmillanErnie Sims
19.4%
Dennis CreeveyDennis Dixon, Dennis Landolt, Dennis Pitta, Dennis Roland, Dennis Morris
17.3%
Oliver WoodPaul Oliver, Eric Wood
7.3%
Colin CreeveyColin Brown, Colin Allred, Colin Cloherty, Colin Cole
7.3%
Ron WeasleyRon Brace, Ronald Fields, Ron Edwards, Ronald Talley, Ron Bartell
5.2%

You're not logged in!

Compare scores with friends on all Sporcle quizzes.
Sign Up with Email
OR
Log In

You Might Also Like...

Show Comments

Extras

Top Quizzes Today


Score Distribution

Your Account Isn't Verified!

In order to create a playlist on Sporcle, you need to verify the email address you used during registration. Go to your Sporcle Settings to finish the process.